[Event "Schenectady op10b"]
[Site "Schenectady"]
[Date "2003.10.26"]
[Round "3"]
[White "Laccetti, Michael"]
[Black "Snyder, Walter J"]
[Result "1-0"]
[WhiteElo "1510"]
[BlackElo "1308"]
[PlyCount "47"]
[EventDate "2003.10.26"]
[EventType "swiss"]
[EventRounds "3"]
[EventCountry "USA"]
[SourceTitle "EXT 2008"]
[Source "ChessBase"]
[SourceDate "2007.11.25"]
[SourceVersion "1"]
[SourceVersionDate "2007.11.25"]
[SourceQuality "1"]

1. e4 c5 2. Nf3 d6 3. d4 cxd4 4. Nxd4 Nf6 5. Nc3 a6 6. Bg5 e6 7. f4 Nbd7 8. Qf3 Qb6 9. Nb3 Be7 10. 0-0-0 0-0 11. Qg3 Nh5 12. Qh3 Bxg5 13. fxg5 g6 14. Qd3 Ne5 15. Qxd6 Qe3+ 16. Qd2 Qxd2+ 17. Rxd2 Bd7 18. g3 Rac8 19. Be2 Ng7 20. h4 Rfd8 21. Rhd1 Ne8 22. Na4 f6 23. Nac5 Rc7 24. Nxe6 1-0